| 000 | 00577nam a22002297a 4500 | ||
|---|---|---|---|
| 005 | 20170124110146.0 | ||
| 010 | _aB-231206 | ||
| 020 |
_c$19.99 _a9780743259200 |
||
| 035 | _aB-231206 | ||
| 037 | _bCen Lib/Ret | ||
| 040 |
_aDPL _bEN |
||
| 082 |
_aN _bSIN |
||
| 100 |
_aSinha, Indra _933485 |
||
| 245 |
_aAnimal's people / _cby Indra Sinha |
||
| 260 |
_aLondon _c2007 _bSimon & schuster |
||
| 270 | _bLondon | ||
| 300 |
_a374p. _c23cm(pbk) |
||
| 500 | _aIncludes glossary | ||
| 650 |
_aLiterature _96262 |
||
| 650 |
_aFiction _98901 |
||
| 942 |
_2ddc _cEN _hN _mSIN |
||
| 999 |
_c132020 _d132020 |
||